Eurocopa 2024 - Statistics

General Stats
  • This quiz has been taken 39 times
  • The average score is 89 of 646
Answer Stats
Selección # Posición Equipo Futbolista % Correct
2 LD Real Madrid Daniel Carvajal
73%
19 ED FC Barcelona Lamine Yamal
73%
Alemania 1 POR Bayern Múnich Manuel Neuer
73%
2 DFC Real Madrid Antonio Rüdiger
67%
12 POR Wolverhampton Wanderers José Sá
64%
23 POR Athletic Club Unai Simón
64%
11 EI FC Barcelona Ferran Torres
58%
10 MCO Bayern Múnich Jamal Musiala
58%
24 LI Chelsea FC Marc Cucurella
58%
17 EI Athletic Club Nico Williams
58%
8 CEN Real Madrid Toni Kroos
58%
10 MCO Red Bull Leipzig Dani Olmo
55%
8 CEN PSG Fabián Ruiz
55%
4 DFC Real Madrid Nacho Fernández
55%
20 CEN FC Barcelona Pedri
55%
3 DFC Real Sociedad Robin Le Normand
55%
16 CEN Manchester City Rodri
55%
12 LI Bayer 04 Leverkusen Alejandro Grimaldo
52%
España 1 POR Arsenal FC David Raya
52%
22 LD Sevilla FC Jesús Navas
52%
6 LD Bayern Múnich Joshua Kimmich
52%
10 CEN Real Madrid Luka Modrić
52%
22 POR FC Barcelona Marc-André Ter Stegen
52%
6 CEN Real Sociedad Mikel Merino
52%
21 DC Real Sociedad Mikel Oyarzabal
52%
13 POR Real Sociedad Álex Remiro
48%
7 DC Atlético de Madrid Álvaro Morata
48%
14 DFC Al-Nassr FC Aymeric Laporte
48%
17 MCO Bayer 04 Leverkusen Florian Wirtz
48%
19 ED Bayern Múnich Leroy Sané
48%
5 DFC Athletic Club Daniel Vivian
45%
Italia 1 POR PSG Gianluigi Donnarumma
45%
9 DC Bayern Múnich Harry Kane
45%
21 CEN FC Barcelona İlkay Gündoğan
45%
Inglaterra 1 POR Everton FC Jordan Pickford
45%
9 DC Real Madrid Joselu
45%
10 DC PSG Kylian Mbappé
45%
7 ED Arsenal FC Bukayo Saka
42%
5 DFC Manchester City John Stones
42%
10 MCO Real Madrid Jude Bellingham
42%
7 MCO Arsenal Kai Havertz
42%
Suiza 1 POR Inter de Milán Yan Sommer
42%
4 CEN Arsenal FC Declan Rice
39%
4 LI Manchester City Joško Gvardiol
39%
2 LD Manchester City Kyle Walker
39%
11 ED PSG Ousmane Dembélé
39%
22 LI AC Milan Theo Hernández
39%
8 CEN Real Madrid Aurélien Tchouameni
36%
11 EI Liverpool FC Cody Gakpo
36%
6 CEN Real Madrid Eduardo Camavinga
36%
14 EI Juventus Federico Chiesa
36%
25 MCO FC Barcelona Fermín López
36%
5 DFC FC Barcelona Jules Koundé
36%
5 DFC Manchester City Manuel Akanji
36%
18 CEN Real Sociedad Martín Zubimendi
36%
13 CEN Al-Ittihad FC N'Golo Kanté
36%
11 ED Manchester City Phil Foden
36%
13 MED Bayern Múnich Thomas Müller
36%
15 MCO Villarreal CF Álex Baena
33%
3 LI Liverpool FC Andrew Robertson
33%
7 DC Atlético de Madrid Antoine Griezmann
33%
26 EI Real Betis Balompié Ayoze Pérez
33%
7 DC Al-Nassr FC Cristiano Ronaldo
33%
4 DFC Bayern Múnich Dayot Upamecano
33%
25 CEN Borussia Dortmund Emre Can
33%
Eslovenia 1 POR Atlético de Madrid Jan Oblak
33%
4 DFC Bayer 04 Leverkusen Jonathan Tah
33%
7 MCO Manchester City Kevin De Bruyne
33%
6 DFC Crystal Palace Marc Guéhi
33%
10 DC Atlético de Madrid Memphis Depay
33%
16 POR AC Milan Mike Maignan
33%
9 DC Borussia Dortmund Niclas Füllkrug
33%
9 DC FC Barcelona Robert Lewandowski
33%
8 MCO Real Madrid Arda Güler
30%
24 MCO Chelsea FC Cole Palmer
30%
2 LD SSC Nápoles Giovanni Di Lorenzo
30%
10 CEN Bayer 04 Leverkusen Granit Xhaka
30%
8 CEN Arsenal FC Jorginho
30%
3 LI Manchester United Luke Shaw
30%
9 DC AC Milan Olivier Giroud
30%
5 DFC Bolonia Riccardo Calafiori
30%
8 LD Liverpool FC Trent-Alexander Arnold
30%
4 DFC Liverpool FC Virgil van Dijk
30%
7 MCO Red Bull Leipzig Xavi Simons
30%
10 CEN Manchester United Christian Eriksen
27%
20 ED Parma Dennis Man
27%
21 MCO Crystal Palace Eberechi Eze
27%
24 DFC Liverpool FC Ibrahima Konaté
27%
- ENT - Luis de la Fuente
27%
15 DC Inter de Milán Marcus Thuram
27%
12 DC PSG Randal Kolo Muani
27%
13 POR Arsenal FC Aaron Ramsdale
24%
23 DFC Inter de Milán Alessandro Bastoni
24%
6 DFC Atlético de Madrid Axel Witsel
24%
25 EI PSG Bradley Barcola
24%
3 LI Red Bull Leipzig David Raum
24%
Croacia 1 POR Fenerbahçe Dominik Livaković
24%
7 DC Juventus Dušan Vlahović
24%
3 LI Inter de Milán Federico Dimarco
24%
17 EI FCSB Florinel Coman
24%
20 EI Bayern Múnich Kingsley Coman
24%
7 EI SSC Nápoles Kvicha Kvaratskhelia
24%
9 CEN Borussia Dortmund Marcel Sabitzer
24%
8 CEN Manchester City Mateo Kovačić
24%
10 EI Chelsea FC Mykhaylo Mudryk
24%
5 DFC Manchester City Nathan Aké
24%
15 DFC Borussia Dortmund Nico Schlotterbeck
24%
19 DC Aston Villa Ollie Watkins
24%
5 CEN Brighton & Hove Albion Pascal Gross
24%
10 DC AS Roma Romelu Lukaku
24%
17 DFC Arsenal FC William Saliba
24%
23 MCO Chicago Fire FC Xherdan Shaqiri
24%
14 CEN Juventus Adrien Rabiot
21%
9 DC Al-Hilal SC Aleksandar Mitrović
21%
26 POR SSC Nápoles Alex Meret
21%
6 DFC FC Barcelona Andreas Christensen
21%
23 POR Real Madrid Andriy Lunin
21%
2 DFC Inter de Milán Benjamin Pavard
21%
11 DC Red Bull Leipzig Benjamin Šeško
21%
10 MCO Manchester City Bernardo Silva
21%
7 DC AS Mónaco Breel Embolo
21%
8 CEN Celtic FC Callum McGregor
21%
10 CEN Liverpool FC Dominik Szoboszlai
21%
3 LI Real Madrid Ferland Mendy
21%
25 POR Valencia CF Giorgi Mamardashvili
21%
17 DC Brentford FC Ivan Toney
21%
12 CEN Bayer 04 Leverkusen Jeremie Frimpong
21%
22 EI Manchester City Jérémy Doku
21%
22 DFC LIverpool FC Joe Gomez
21%
8 DC AC Milán Luka Jović
21%
18 CEN Inter de Milán Nicolò Barella
21%
17 LI Arsenal FC Oleksandr Zinchenko
21%
9 DC Manchester United Rasmund Højlund
21%
4 CEN Manchester United Scott McTominay
21%
6 DFC Inter de Milán Stefan De Vrij
21%
9 DC TSG 1899 Hoffenheim Andrej Kramarić
18%
11 DC Girona FC Artem Dovbyk
18%
20 LD Red Bull Leipzig Benjamin Henrichs
18%
Francia 1 POR RC Lens Brice Samba
18%
17 DFC Girona FC Daley Blind
18%
19 DC Gaziantep FK Denis Drăguș
18%
22 DC FC Metz Georges Mikautadze
18%
9 DC Atalanta Gianluca Scamacca
18%
12 POR Tottenham Hotspur Guglielmo Vicario
18%
14 EI HNK Hajduk Split Ivan Perišić
18%
20 LD FC Barcelona Joâo Cancelo
18%
7 CEN Aston Villa John McGinn
18%
21 LD Olympique de Marsella Jonathan Clauss
18%
- ENT - Julian Nagelsmann
18%
Dinamarca 1 POR RSC Anderlecht Kasper Schmeichel
18%
12 LD Newcastle United Kieran Trippier
18%
26 CEN Manchester United Kobbie Mainoo
18%
11 CEN Al-Nassr FC Marcelo Brozović
18%
15 DFC Tottenham Hotspur Micky van de Ven
18%
3 DFC FC Oporto Pepe
18%
23 CEN Bayer 04 Leverkusen Robert Andrich
18%
- ENT - Roberto Martínez
18%
16 DFC VFB Stuttgart Waldemar Anton
18%
Polonia 1 POR Juventus Wojciech Szczęsny
18%
11 EI Al-Shabab FC Yannick Carrasco
18%
8 CEN Aston Villa Youri Tielemans
18%
19 CEN AS Mónaco Youssouf Fofana
18%
24 CEN Everton FC Amadou Onana
15%
16 DC CA Osasuna Ante Budimir
15%
19 DC Ferncváros TC Barnabás Varga
15%
8 MCO Manchester United Bruno Fernandes
15%
17 DC GNK Dinamo Zagreb Bruno Petković
15%
10 DC Southampton FC Ché Adams
15%
16 CEN Chelsea FC Conor Gallagher
15%
19 DC Bolonia Dan Ndoye
15%
23 POR Crystal Palace Dean Henderson
15%
26 DC VFB Stuttgart Deniz Undav
15%
- ENT - Didier Deschamps
15%
22 POR FC Oporto Diogo Costa
15%
21 DFC AEK Atenas FC Domagoj Vida
15%
10 EI Fenerbahçe Dušan Tadić
15%
14 DFC Aston Villa Ezri Konsa
15%
22 DFC Newcastle United Fabian Schär
15%
6 DFC Juventus Federico Gatti
15%
- ENT - Gareth Southgate
15%
21 POR Borussia Dortmund Gregor Kobel
15%
10 CEN Inter de Milán Hakan Çalhanoğlu
15%
5 DFC RSC Anderlecht Jan Vertonghen
15%
6 LI Real Sociedad Kieran Tierney
15%
Bélgica 1 POR VFL Wolfsburgo Koen Casteels
15%
7 DC Inter de Milán Marko Arnautović
15%
9 DC Ulsan HD FC Martin Ádám
15%
Eslovaquia 1 POR Newcastle United Martin Dúbravka
15%
19 DC Génova Mateo Retegui
15%
3 DFC Bayern Múnich Matthijs De Ligt
15%
18 LI VFB Stuttgart Maximilian Mittelstädt
15%
6 DFC Sevilla FC Nemanja Gudelj
15%
12 POR TSG 1899 Hoffenheim Oliver Baumann
15%
3 DFC Tottenham Hotspur Radu Drăgușin
15%
8 CEN Bolonia Remo Freuler
15%
- ENT - Ronald Koeman
15%
17 EI FC Augsburgo Rubén Vargas
15%
4 DFC AC Milan Simon Kjær
15%
22 CEN SSC Nápoles Stanislav Lobotka
15%
22 EI AS Roma Stephan El Shaarawy
15%
- ENT - Sylvinho
15%
15 ED Girona FC Viktor Tsygankov
15%
18 CEN PSG Warren Zaïre-Emery
15%
4 DFC Torino FC Alessandro Buongiorno
12%
23 POR West Ham United Alphonse Areola
12%
12 POR SL Benfica Anatoliy Trubin
12%
24 LI Juventus Andrea Cambiaso
12%
2 LD Rayo Vallecano Andrei Rațiu
12%
7 ED FC Dinamo de Kiev Andriy Yarmolenko
12%
18 EI Newcastle United Anthony Gordon
12%
24 DFC SL Benfica António Silva
12%
11 DC Chelsea FC Armando Broja
12%
3 DFC Stade Rennais FC Arthur Theate
12%
23 CEN Atlético de Madrid Arthur Vermeeren
12%
21 ED Galatasaray Bariş Alper Yılmaz
12%
Países Bajos 1 POR Brighton & Hove Albion Bart Verbruggen
12%
17 MCO Atalanta Charles De Ketelaere
12%
19 MCO Red Bull Leipzig Christoph Baumgartner
12%
6 CEN AS Mónaco Denis Zakaria
12%
22 CEN Inter de Milán Denzel Dumfries
12%
14 ED Sevilla FC Dodi Lukébakio
12%
- ENT - Domenico Tedesco
12%
8 MCO Al-Ettifag FC Georginio Wijnaldum
12%
9 DC PSG Gonçalo Ramos
12%
10 MCO Deportivo Alavés Ianis Hagi
12%
20 LI Borussia Dortmund Ian Maatsen
12%
20 ED West Ham United Jarrod Bowen
12%
11 MED FC Barcelona Joâo Félix
12%
16 CEN PSV Eindhoven Joey Veerman
12%
19 ED PSV Eindhoven Johan Bakayoko
12%
2 DFC Bayer 04 Leverkusen Josip Stanišić
12%
- ENT - Kasper Hjulmand
12%
21 CEN Inter de Milán Kristjan Asllani
12%
9 EI Arsenal FC Leandro Trossard
12%
15 DFC Brighton & Hove Albion Lewis Dunk
12%
20 DC Red Bull Leipzig Loïs Openda
12%
10 MCO AS Roma Lorenzo Pellegrini
12%
- ENT - Luciano Spalletti
12%
23 POR Brentford FC Mark Flekken
12%
13 LD Inter de Milán Matteo Darmian
12%
14 DC TSG 1899 Hoffenheim Maximilian Beier
12%
14 DFC PSG Milan Škriniar
12%
11 LI AFC Bournemouth Milos Kerkez
12%
21 CEN Sporting de Lisboa Morten Hjulmand
12%
- ENT - Murat Yakin
12%
10 MCO US Sassuolo Nedim Bajrami
12%
4 DFC Borussia Mönchengladbach Nico Elvedi
12%
21 CEN Juventus Nicolò Fagioli
12%
9 EI AC Milán Noah Okafor
12%
19 LI PSG Nuno Mendes
12%
Hungría 1 POR Red Bull Leipzig Péter Gulácsi
12%
10 CEN SSC Nápoles Piotr Zieliński
12%
Serbia 1 POR RCD Mallorca Predrag Rajković
12%
17 EI AC Milan Rafael Leâo
12%
25 LD AS Roma Rasmus Kristensen
12%
13 DFC Torino FC Ricardo Rodríguez
12%
4 DFC Manchester City Rúben Dias
12%
20 CEN Al-Hilal SFC Sergej Milinković-Savić
12%
14 CEN AC Milan Tijjani Reijnders
12%
21 LD Fulham FC Timothy Castagne
12%
23 POR Torino FC Vanja Milinković-Savić
12%
- ENT - Vincenzo Montella
12%
23 CEN PSG Vitinha
12%
6 DFC Red Bull Leipzig Willi Orbán
12%
4 DFC Leicester City Wout Faes
12%
9 DC TSG 1899 Hoffenheim Wout Weghorst
12%
- ENT - Zlatko Dalić
12%
2 DFC Omonia Nicosia Ádám Lang
9%
8 CEN Spezia Ádám Nagy
9%
25 CEN Crystal Palace Adam Wharton
9%
26 CEN FSCB Adrian Şut
9%
18 LD SL Benfica Alexander Bah
9%
12 POR Manchester United Altay Bayındır
9%
Escocia 1 POR Norwich City Angus Gunn
9%
2 LD Celtic FC Anthony Ralston
9%
26 EI DNK Dinamo Zagreb Arbër Hoxha
9%
4 DFC SC Friburgo Attila Szalai
9%
6 DFC Atalanta Berat Djimsiti
9%
19 LI Ajax Borna Sosa
9%
19 DC Ajax Brian Brobbey
9%
16 CEN AS Roma Bryan Cristante
9%
11 EI VFB Stuttgart Chris Führich
9%
15 CEN Brentford FC Christian Nørgaard
9%
7 CEN Inter de Milán Davide Frattesi
9%
12 POR Chelsea FC Djordje Petrović
9%
18 ED Borussia Dortmund Donyell Malen
9%
- ENT - Dragan Stojković
9%
- ENT - Edward Iordănescu
9%
4 LD SS Lazio Elseid Hysaj
9%
- ENT - Francesco Calzona
9%
26 ED FC Oporto Francisco Conceiçâo
9%
5 DFC Norwich City Grant Hanley
9%
2 LD Rayo Vallecano Iván Balliu
9%
- ENT - Ivan Hašek
9%
17 CEN Torino FC Ivan Ilić
9%
26 EI SK Slavia Praga Ivan Schranz
9%
13 DFC Al-Ettifaq FC Jack Hendry
9%
6 DFC Udinese Jaka Bijol
9%
8 CEN Brighton & Hove Albion Jakub Moder
9%
5 DFC Southampton FC Jan Bednarek
9%
3 DFC Leicester City Jannik Vestergaard
9%
9 ED Gwangju FC Jasir Asani
9%
24 CEN PSV Eindhoven Jerdy Schouten
9%
2 DFC Crystal Palace Joachim Andersen
9%
5 LD VFL Wolfsburgo Joachim Mæhle
9%
19 DC VFL Wolfsburgo Jonas Wind
9%
21 DC Bolonia Joshua Zirkzee
9%
22 LD 1.FC Unión Berlín Josip Juranović
9%
6 DFC Ajax Josip Šutalo
9%
19 CEN Juventus Kenan Yıldız
9%
23 CEN Norwich City Kenny McLean
9%
4 DFC RC Lens Kevin Danso
9%
20 CEN Bayern Múnich Konrad Laimer
9%
23 DC Basaksehir FK Krzysztof Piątek
9%
18 DC Ludogorets Razgrad Kwadwo Duah
9%
9 DC Heart of Midlothian FC Lawrence Shankland
9%
16 DFC Leeds United Liam Cooper
9%
12 POR Bolonia Łukasz Skorupski
9%
2 LD Feyenoord Rotterdam Lutsharel Geertruida
9%
24 ED HNK Rijeka Marco Pašalić
9%
- ENT - Marco Rossi
9%
12 POR Fulham FC Marek Rodák
9%
15 CEN Atalanta Mario Pašalić
9%
7 CEN Brentford FC Mathias Jensen
9%
20 EI SS Lazio Mattia Zacagni
9%
2 DFC Borussia Mönchengladbach Maximilian Wöber
9%
3 DFC Al-Ahli SFC Merih Demiral
9%
11 DC SC Friburgo Michael Gregoritsch
9%
- ENT - Michał Probierz
9%
20 CEN Bolonia Michel Aebischer
9%
14 EI Brentford FC Mikkel Damsgaard
9%
5 CEN Getafe CF Nemanja Maksimović
9%
21 CEN AS Roma Nicola Zalewski
9%
4 DFC Fiorentina Nikola Milenković
9%
6 CEN SL Benfica Orkun Kökçü
9%
23 ED VFL Wolfsburgo Patrick Wimmer
9%
23 CEN Tottenham Hotspur Pierre-Emile Højbjerg
9%
- ENT - Ralf Rangnick
9%
11 ED FC Lugano Renato Steffen
9%
7 DC Sivasspor Rey Manaj
9%
24 DFC Eintracht Frankfurt Robin Koch
9%
20 ED Friburgo SC Roland Sallai
9%
20 CEN Rangers FC Ryan Jack
9%
15 DFC Watford FC Ryan Porteous
9%
15 CEN Borussia Dortmund Salih Özcan
9%
22 CEN Fulham FC Saša Lukić
9%
- ENT - Serhiy Rebrov
9%
3 LD FSV Mainz 05 Silvan Widmer
9%
- ENT - Steve Clarke
9%
2 DFC Red Bull Salzburgo Strahinja Pavlović
9%
17 CEN Southampton FC Stuart Armstrong
9%
8 CEN RSD Anderlecht Thomas Delaney
9%
15 LD Trabzonspor Thomas Meunier
9%
23 POR Brentford FC Thomas Strakosha
9%
16 LI Everton FC Vitaliy Mykolenko
9%
- ENT - Willy Sagnol
9%
20 CEN US Lecce Ylber Ramadani
9%
2 LD Shakhtar Donetsk Yukhym Konoplya
9%
20 DC Red Bull Leipzig Yussuf Poulsen
9%
12 POR FC Lorient Yvon Mvogo
9%
21 POR Heart of Midlothian FC Zander Clark
9%
25 DC Burnley FC Zeki Amdouni
9%
2 LD AS Roma Zeki Çelik
9%
2 DFC RSC Anderlecht Zeno Debast
9%
18 LI Puskás Akadémia FC Zsolt Nagy
9%
16 DC Antalyaspor Adam Buksa
6%
8 CEN SK Sturm Graz Alexander Prass
6%
22 CEN Grasshopper Club Zurich Amir Abrashi
6%
13 CEN 1.FC Unión Berlín András Schäfer
6%
9 DC Panathinaikos FC Andraž Šporar
6%
11 ED Club Brujas KV Andreas Skov Olsen
6%
24 MCO Bristol City Andreas Weimann
6%
18 DFC FC Empoli Ardian Ismajli
6%
24 CEN FC Lucerna Ardon Jashari
6%
5 DFC CFR Cluj Arlind Ajeti
6%
5 LD Fehérvár FC Attila Fiola
6%
18 LD FC Empoli Bartosz Bereszyński
6%
2 DFC Lech Poznan Bartosz Salamon
6%
24 CEN Atlanta United FC Bartosz Slisz
6%
14 LD Servette FC Bendegúz Bolla
6%
14 CEN Brighton & Hove Albion Billy Gilmour
6%
3 DFC Parma Botond Balogh
6%
17 CEN Burnsley FC Callum Styles
6%
15 DFC VFL Wolfsburgo Cédric Zesiger
6%
9 DC Besiktas JK Cenk Tosun
6%
17 CEN AEK Atenas FC Damian Szymański
6%
16 MCO Philadelphia Union Dániel Gázdag
6%
16 DFC Feyenoord Rotterdam Dávid Hancko
6%
18 DC Slovan Bratislava David Strelec
6%
12 POR Ferencváros TC Dénes Dibusz
6%
5 LD Manchester United Diogo Dalot
6%
21 EI Liverpool FC Diogo Jota
6%
12 POR AS Cittadella Elhan Kastrati
6%
21 LD Ferencváros TC Endre Botka
6%
13 DFC FC Famalicâo Enea Mihaj
6%
17 MCO Besiktas JK Ernest Muçi
6%
Albania 1 POR FC Empoli Etrit Berisha
6%
26 MCO Stade Rennais FC Fabian Rieder
6%
20 LI Fenerbahçe Ferdi Kadıoğlu
6%
11 CEN Juventus Filip Kostić
6%
21 DFC Red Bull Salzburgo Flavius Daniliuc
6%
10 CEN TSG 1899 Hoffenheim Florian Grillitsch
6%
17 MCO FC Colonia Florian Kainz
6%
22 POR 1.FC Unión Berlín Frederik Rönnow
6%
3 DFC Feyenoord Rotterdam Gernot Trauner
6%
11 MED SSC Nápoles Giacomo Raspadori
6%
17 DFC AS Roma Gianluca Mancini
6%
10 MCO Watford FC Giorgi Chakvetadze
6%
14 DFC Sporting de Lisboa Gonçalo Inácio
6%
24 LI Celtic FC Greg Taylor
6%
Austria 1 POR Union Saint-Gilloise Heinz Lindner
6%
13 DFC AFC Bournemouth Ilya Zabarnyi
6%
23 POR Pafos FC Ivica Ivušić
6%
14 LI Arsenal FC Jakub Kiwior
6%
6 CEN Ludogorets Razgrad Jakub Piotrowski
6%
25 ED Celtic FC James Forrest
6%
15 CEN SL Benfica Joâo Neves
6%
26 MCO NK Maribor Josip Iličić
6%
19 CEN Slovan Bratislava Juraj Kucka
6%
13 POR Feyenoord Rotterdam Justin Bijlow
6%
22 CEN Galatasaray Kaan Ayhan
6%
26 CEN Bolonia Kacper Urbański
6%
11 EI Pogon Szczecin Kamil Grosicki
6%
12 DC RSC Anderlecht Kasper Dolberg
6%
7 EI Galatasaray Kerem Aktürkoğlu
6%
23 ED Újpest FC Kevin Csoboth
6%
8 CEN SV Darmstadt 98 Klaus Gjasula
6%
25 MCO Kecskeméti TE Krisztofer Horváth
6%
15 MCO HNK Hajduk Split László Kleinheisler
6%
19 CEN Udinese Lazar Vujadin Samardžić
6%
2 DFC VFB Stuttgart Leonidas Stergiou
6%
14 DFC SK Rapid Viena Leopold Querfeld
6%
18 EI New York Red Bulls Lewis Morgan
6%
12 POR Motherwell FC Liam Kelly
6%
7 LD Le Havre FC Loïc Nego
6%
7 MCO VFL Wolfsburgo Lovro Majer
6%
18 EI Feyenoord Rotterdam Luka Ivanušec
6%
25 CEN Red Bull Salzburgo Luka Sučić
6%
24 DFC US Sassuolo Marash Kumbulla
6%
22 POR OGC Niza Marcin Bułka
6%
26 EI SK Rapid Viena Marco Grüll
6%
5 DFC US Sassuolo Marin Erlić
6%
3 DFC US Lecce Marin Pongračić
6%
3 LI Lokomotiv Moscú Mario Mitaj
6%
6 CEN Pisa Sporting Club Marius Marin
6%
20 EI HNK Rijeka Marko Pjaca
6%
26 MCO GNK Dinamo Zagreb Martin Baturina
6%
24 DFC Hertha Berlín Márton Dárdai
6%
13 DFC Brentford FC Mathias Jørgensen Zanka
6%
- ENT - Matjaž Kek
6%
22 MCO SK Rapid Viena Matthias Seidl
6%
13 POR Nottingham Forest Matz Sels
6%
25 LI Club Brujas KV Maxim De Cuyper
6%
25 DC TSV Hartberg Maximilian Entrup
6%
16 CEN US Lecce Medon Berisha
6%
25 CEN Hellas Verona Michael Folorunsho
6%
25 EI Club Brujas KV Michał Skóraś
6%
26 CEN MTK Budapest Mihály Kata
6%
13 DFC SV Werder Bremen Miloš Veljković
6%
25 LI FC Voluntari Naser Aliji
6%
12 POR HNK Rijeka Nediljko Labrović
6%
21 MCO Damac FC Nicolae Stanciu
6%
6 CEN Red Bull Leipzig Nicolas Seiwald
6%
12 POR SK Rapid Viena Niklas Hedl
6%
13 MCO Torino FC Nikola Vlašić
6%
5 CEN West Bromwich Albion Okay Yokuşlu
6%
8 CEN Hellas Verona Ondrej Duda
6%
18 MCO Olympique de Lyon Orel Mangala
6%
13 POR Brøndby IF Patrick Pentz
6%
3 CEN Hellas Verona Paweł Dawidowicz
6%
25 ED Wolverhampton Wanderers Pedro Neto
6%
2 LD Hertha Berlín Peter Pekarík
6%
22 POR Paksi FC Péter Szappanos
6%
15 DFC SC Friburgo Philipp Lienhart
6%
16 LI 1.FSV Mainz 05 Philipp Mwene
6%
19 CEN RC Lens Przemysław Frankowski
6%
14 CEN AC Sparta Praga Qazim Laci
6%
15 LD Torino SC Raoul Bellanova
6%
18 CEN FC Empoli Răzvan Marin
6%
18 MCO SV Werder Bremen Romano Schmid
6%
22 LD Bristol City Ross McCrorie
6%
18 CEN Al-Hilal SFC Rúben Neves
6%
Portugal 1 POR AS Roma Rui Patrício
6%
11 MCO AFC Bournemouth Ryan Christie
6%
26 CEN Liverpool FC Ryan Gravenberch
6%
26 DFC Copenhague FC Scott McKena
6%
20 MCO Fenerbahçe Sebastian Szymański
6%
4 DFC Empoli FC Sebastian Walukiewicz
6%
5 CEN KVC Westerlo Sergiy Sydorchuk
6%
16 CEN Estrella Roja de Belgrado Srdjan Mijailović
6%
5 LD Bolonia Stefan Posch
6%
25 EI Ajax Steven Bergwijn
6%
14 EI AEK Atenas FC Steven Zuber
6%
13 CEN Jagiellonia Białystok Taras Romanczuk
6%
6 CEN Shakhtar Donetsk Taras Stepanenko
6%
15 DC FC Baniyas Taulant Seferi
6%
12 POR Luton Town Thomas Kaminski
6%
22 CEN West Ham United Tomáš Souček
6%
15 CEN SK Sturm Graz Tomi Horvat
6%
19 DC Bristol City Tommy Conway
6%
15 LI 1.FC Kaiserslautern Tymoteusz Puchacz
6%
16 CEN Toulouse FC Vincent Sierro
6%
5 LD West Ham United Vladimír Coufal
6%
11 MCO LOSC Lille Yusuf Yazıcı
6%
9 ED FC Girondins de Bureos Zuriko Davitashvili
6%
14 DFC Galatasaray Abdülkerim Bardakcı
3%
22 CEN Panathinaikos FC Adam Gnezda Čerin
3%
9 MED Bayer 04 Leverkusen Adam Hložek
3%
4 DFC Cagliari Adam Obert
3%
4 DFC Pafos FC Adrian Rus
3%
25 CEN Spartak Trnava Adrian Zeljković
3%
13 DFC Ajax Ahmetcan Akaydin
3%
8 MCO Konyaspor Alexandru Cicăldău
3%
24 ED RSD Anderlecht Anders Dreyer
3%
15 DFC Al-Okhdood FC Andrei Burcă
3%
14 ED PAOK de Salónica FC Andrija Živković
3%
7 MCO Fiorentina Antonín Barák
3%
20 CEN Universitatea Craiova Anzor Mekvabishvili
3%
16 CEN VFL Wolfsburgo Aster Vranckx
3%
7 EI Panathinaikos FC Benjamin Verbič
3%
26 DC Stade Rennais FC Bertuğ Yıldırım
3%
26 LI Polissya Zhytomyr Bogdan Mykhaylichenko
3%
24 DFC Raków Częstochowa Bogdan Racovițan
3%
8 DC Karlsruher SC Bubu Zivzivadze
3%
25 DC CFR Cluj Daniel Bîrligea
3%
13 CEN PSG Danilo Pereira
3%
14 MCO FCSB Darius Olaru
3%
23 DFC Orlando City SC David Brekalo
3%
12 CEN SK Slavia Praga David Douděra
3%
20 EI Ascoli Calcio Dávid Ďuriš
3%
15 LI TSG 1899 Hoffenheim David Jurásek
3%
2 DFC SK Slavia Praga David Zima
3%
23 ED Gaziantep FK Deian Sorescu
3%
7 DC Muaither SC Denis Alibec
3%
3 DFC FC Copenhague Denis Vavro
3%
13 LI Górnik Zabrze Erik Janža
3%
25 LI Panathinaikos FC Filip Mladenović
3%
Rumanía 1 POR Gaziantep FK Florin Niță
3%
26 CEN FC Basilea Gabriel Sigua
3%
9 DC SSC Bari George Pușcaș
3%
Ucrania 1 POR FC Dinamo de Kiev Georgiy Bushchan
3%
14 MCO Shakhtar Donetsk Georgiy Sudakov
3%
21 EI Dinamo Batumi Georgiy Tsitaishvili
3%
15 DFC Persepolis FC Giorgi Gvelesiani
3%
6 CEN Levante UD Giorgi Kochorashvili
3%
11 DC Apoel FC Giorgi Kvilitaia
3%
Georgia 1 POR Dinamo Tbilisi Giorgi Loria
3%
13 LD Shakhtar Donetsk Giorgio Gocholeishvili
3%
4 DFC Slovan Bratislava Guram Kashia
3%
23 POR New England Revolution Henrich Ravas
3%
12 POR Atlético de Madrid Horațiu Moldovan
3%
16 POR Vejle Boldklub Igor Vekić
3%
5 DFC Palermo FC Ionuț Nedelcearu
3%
17 ED Fenerbahçe İrfan Can Kahveci
3%
16 CEN Fenerbahçe İsmail Yüksek
3%
26 EI Burnley FC Jacob Bruun Larsen
3%
11 DC AC Sparta Praga Jan Kuchta
3%
17 EI Pisa Sporting Club Jan Mlakar
3%
14 CEN FC Südtirol Jasmin Kurtić
3%
24 DFC Panetolikos GFS Jemal Tabidze
3%
Chequia 1 POR SK Slavia Praga Jindřich Staněk
3%
6 CEN Fulham FC Joâo Palhinha
3%
5 CEN SK Sturm Graz Jon Gorens Stanković
3%
3 LI Alanyaspor Jure Balkovec
3%
7 DC Hellas Verona Karol Świderski
3%
18 DFC AC Sparta Praga Ladislav Krejčí
3%
3 DFC Apoel FC Lashia Dvali
3%
11 CEN Hamburgo SV László Bénes
3%
24 EI Feyenoord Rotterdam Leo Sauer
3%
19 ED Panetolikos GFS Levan Shengelia
3%
10 EI FC Slovan Liberec Ľubomír Tupta
3%
12 POR Qarabağ FK Luka Gugeshashvili
3%
14 DFC US Cremonese Luka Lochoshvili
3%
21 CEN FC Viktoria Plzen Lukáš Červ
3%
17 EI AC Sparta Praga Lukáš Haraslín
3%
14 CEN SK Slavia Praga Lukáš Provod
3%
16 POR Leicester City Mads Hermansen
3%
6 DFC AC Sparta Praga Martin Vitík
3%
26 ED SK Slavia Praga Matěj Jurásek
3%
16 POR Bayer 04 Leverkusen Matěj Kovář
3%
16 CEN Manchester City Matheus Nunes
3%
21 CEN VFL Bochum Matúš Bero
3%
Turquía 1 POR Besiktas JK Mert Günok
3%
18 LD Fenerbahçe Mert Müldür
3%
4 DFC Lech Poznan Miha Blažič
3%
21 MCO AEK Atenas FC Mijat Gaćinović
3%
19 DC Rubin Kazan Mirlind Daku
3%
13 DC SK Slavia Praga Mojmír Chytil
3%
19 CEN FC Dinamo de Kiev Mykola Shaparenko
3%
2 LD Wolverhampton Wanderers Nélson Semedo
3%
3 DFC FK TSC Backa Topola Nemanja Stojić
3%
11 LI Universitatea Craiova Nicușor Bancu
3%
16 CEN Lech Poznan Nika Kvekveskiri
3%
24 ED FK Bodø/Glimt Nino Zugelj
3%
6 DFC US Salernitana 1919 Norbert Gyömbér
3%
3 DFC SK Dnipro-1 Oleksandr Svatok
3%
24 LD FC Dinamo de Kiev Oleksandr Tymchyk
3%
20 ED Shakhtar Donetsk Oleksandr Zubkov
3%
20 MCO Feyenoord Rotterdam Ondřej Lingr
3%
2 CEN Cracovia Otar Kakabadze
3%
17 MCO SK Sturm Graz Otar Kiteishvili
3%
13 CEN KRC Genk Patrik Hrošovský
3%
10 DC Bayer 04 Leverkusen Patrik Schick
3%
25 MCO FC Viktoria Plzen Pavel Šulc
3%
18 DC Red Bull Salzburgo Petar Ratkov
3%
20 LD UC Sampdoria Petar Stojanović
3%
8 CEN SK Slavia Praga Petr Ševčík
3%
9 DC Boavista Porto FC Róbert Boženík
3%
4 DFC FC Viktoria Plzen Robin Hranáč
3%
9 DC Valencia CF Roman Yaremchuk
3%
8 MCO Génova Ruslan Malinovskyi
3%
4 DFC Panathinaikos FC Samet Akaydin
3%
8 CEN Udinese Sandi Lovrić
3%
18 CEN Wolfsberger AC Sandro Altunashvili
3%
25 DFC Spartak Trnava Sebastian Kóša
3%
24 DC Besiktas JK Semih Kılıçsoy
3%
5 DFC Al-Okhdood Club Solomon Kvirkvelia
3%
15 DFC FC Spartak de Moscú Srdjan Babić
3%
16 POR FCSB Ştefan Tărnovanu
3%
10 CEN NK Olimpija Ljubljana Timi Max Elšnik
3%
19 DC FC Viktoria Plzen Tomáš Chorý
3%
3 CEN SK Slavia Praga Tomáš Holeš
3%
5 CEN FC Banik Ostrava Tomáš Rigo
3%
7 MCO Hellas Verona Tomáš Suslov
3%
24 DFC SK Slavia Praga Tomáš Vlček
3%
23 POR Trabzonspor Uğurcan Çakır
3%
24 DFC Estrella Roja de Belgrado Uroš Spajić
3%
17 ED VFL Wolfsburgo Václav Černý
3%
13 EI Parma Valentin Mihăilă
3%
21 DFC Shankar Donetsk Valeriy Bondar
3%
21 DFC FK Sochi Vanja Drkušić
3%
22 LD CFR Cluj Vasile Mogoș
3%
26 EI AC Sparta Praga Veljko Birmančević
3%
15 DFC Hatta Club Vernon De Marco
3%
17 LI Bolonia Victor Kristiansen
3%
12 POR Apoel FC Vid Belec
3%
23 POR SK Sturm Graz Vitězslav Jaroš
3%
25 DC FC Dinamo de Kiev Vladyslav Vanat
3%
18 CEN FC Dinamo de Kiev Volodymyr Brazhko
3%
25 ED Leicester City Yunus Akgün
3%
19 DC FC Lugano Žan Celar
3%
2 LD NK Celje Žan Karničnik
3%
18 DC FC Girondins de Burdeos Žan Vipotnik
3%
4 DFC LASK Maksym Taloverov
0%
22 DFC Shakhtar Donetsk Mykola Matvienko
0%
23 EI Atlanta United FC Saba Lobjanidze
0%
No matching quizzes found
Score Distribution
Percent of People with Each Score
Percentile by Number Answered
Your Score History
You have not taken this quiz